Stati per debito pubblico - Statistics

Statistiche generali
  • Questo quiz è stato fatto 14 volte
  • Il punteggio medio è 6 su 15
Statistiche sulle risposte
Debito pubblico generale (% sul PIL) Continente Nazione % Corretto
144,696 Europa Italia
100%
177,434 Europa Grecia
85%
147,809 America del Sud Venezuela
85%
134,1 America del Nord Stati Uniti
77%
261,289 Asia Giappone
69%
123,158 America del Sud Suriname
54%
128,514 Asia Laos
23%
134,159 Asia Singapore
23%
117,661 Asia Sri Lanka
15%
127,552 Africa Sudan
15%
117,587 Asia Bahrein
8%
120,781 America del Nord Barbados
8%
163,769 Africa Eritrea
8%
124,795 Asia Bhutan
0%
127,407 Africa Capo Verde
0%
Nessun quiz corrispondente trovato
Distribuzione punteggi
Percentuale di utenti per punteggio
Percentile per numero di risposta
I tuoi punteggi nel tempo
Non hai fatto questo quiz